000 00777nam a22002297a 4500
003 BUBTL
008 240603b ||||| |||| 00| 0 eng d
020 _a9788120326552
082 _a658.4013/ Su32t/ 2022
100 _95837
_aSuganthi, L.
245 _aTotal quality management /
_cL. Suganthi, Anand A. Samuel
250 _a1st ed
260 _aDelhi:
_bPHI Learning Private Limited,
_cc2022
300 _axiii, 394 p.:
_c24 cm.
500 _aIncludes Index
505 _aTotal quality management, Principles of quality management, Total quality management philosophy, Quality planning, Customer orientation
650 0 _939
_aManagement
700 _95838
_aSamuel, Anand A.
856 _k0
_l0
_yDownload
942 _2ddc
_cBK
999 _c7328
_d7328